|
|
|
|
| LEADER |
00958nam a2200253 u 4500 |
| 001 |
10077241 |
| 003 |
upatras |
| 005 |
20210117201956.0 |
| 008 |
090729s2003 f eng |
| 020 |
|
|
|a 0826464726
|
| 040 |
|
|
|a GR-PaULI
|c GR-PaULI
|
| 041 |
0 |
|
|a eng
|
| 082 |
1 |
4 |
|a 001.433
|2 22
|
| 100 |
1 |
|
|a Litosseliti, Lia
|9 51420
|
| 245 |
1 |
0 |
|a Using focus groups in research
|c Lia Litosseliti
|
| 260 |
|
|
|a London
|b Continuum
|c 2003
|
| 300 |
|
|
|a vii, 104 p.
|c 22 cm.
|
| 504 |
|
|
|a Includes references and summary
|
| 650 |
|
4 |
|a Focused group interviewing
|9 18050
|
| 852 |
|
|
|a GR-PaULI
|b ΠΑΤΡΑ
|b ΦΙΛΟΛΟΓΙΑ
|k ΔΑΝΕΙΖ-6
|h 001.433 LIT
|m 004464
|p 025000143596
|t 1
|
| 942 |
|
|
|2 ddc
|
| 952 |
|
|
|0 0
|1 0
|2 ddc
|4 0
|6 001_433000000000000_LIT
|7 0
|9 79893
|a LISP
|b LISP
|c BSC
|d 2016-04-24
|i 004464
|l 0
|o 001.433 LIT
|p 025000143596
|r 2016-04-24 00:00:00
|t 1
|w 2016-04-24
|y BK15
|x Μεταφορά Τμήματος Φιλολογίας
|
| 998 |
|
|
|c ELIDOC
|d 2009-07
|
| 999 |
|
|
|c 53086
|d 53086
|